000 00317nam a22001337a 4500
008 240312b |||||||| |||| 00| 0 eng d
020 _a9789356060760
100 _aS. K. Ciccarelli & J. N. White
245 _aPsychology
250 _a6th Ed
260 _aNoida
_bPearson
_c2024
300 _a679
942 _2ddc
_cBK
999 _c20597
_d20597